"Peggy Brown" - Myslovitz tekst - Statystyki

Ogólne statystyki
  • Ten quiz został rozwiązany 94 razy
  • Średni wynik to 165 z 215
Statystyki odpowiedzi
Hint Odpowiedź % Poprawnych
Brown
100%
. O
100%
o
100%
Peggy
100%
będzie
98%
Kto
97%
umiał?
97%
Ciebie
95%
ukochać
90%
W
72%
w
72%
dziewczyna
64%
To
64%
nie
57%
Nie
57%
z
56%
myślę
54%
ciemnowłosa
52%
czym
52%
Jedyne
52%
Jej
52%
jej
52%
wciąż
52%
białe
51%
51%
piersi
49%
dumy
46%
Choć
44%
jak
44%
mleko
44%
mnie
44%
niż
43%
trzyma
43%
od
41%
echo
39%
nawet
39%
chce
38%
dla
38%
jest
38%
Mleczniejsze
38%
muzyką
38%
oddali
38%
twarde
38%
ciche
36%
czego
36%
głos
36%
siebie
36%
swej
36%
dać
34%
proszę
34%
Pulsuje
34%
ciałem
31%
ciało
31%
słyszy
31%
moich
30%
Nocami
30%
samotności
30%
Twej
30%
Dziś
28%
Spojeni
28%
suknia
28%
urażę
28%
widziałem
28%
jednym
26%
łóżku
26%
przysiąg
26%
sen
26%
Żeśmy
26%
Ale
23%
najśmielszym
23%
opuszczona
23%
Rozpustny
23%
skromnie
23%
snem
23%
tafty
23%
tym
23%
miękkiej
21%
Nie znaleziono quizów pasujących do podanych kryteriów
Rozkład punktacji
Procent ludzi z każdym wynikiem
Percentyl według liczby udzielonych odpowiedzi
Twoja historia wyników
Nie rozwiązałeś tego quizu